[Event "C.to Regionale Valle d'Aosta"]
[Site "Saint Vincent - Chatillon ITA"]
[Date "2003.09.17"]
[Round "1"]
[White "Malano, Francesco"]
[Black "Mrdja, Milan"]
[Result "0-1"]
[WhiteElo "2075"]
[BlackElo "2384"]
[PlyCount "78"]
[EventDate "2003.09.17"]

1. c4 g6 2. Nc3 Bg7 3. g3 c5 4. Bg2 Nc6 5. e4 d6 6. Nge2 Qd7 7. d3 h5 8. h3 e6
9. Be3 Nd4 10. Nf4 Ne7 11. O-O Rb8 12. Rb1 b6 13. a3 Bb7 14. Bxd4 cxd4 15. Na2
h4 16. Nc1 Bh6 17. Nfe2 hxg3 18. Nxg3 e5 19. Nce2 g5 20. Nh5 Qe6 21. Neg3 Kf8
22. Qg4 Ng6 23. Nf5 Bc8 24. Nxh6 Rxh6 25. Qxe6 Bxe6 26. Ng3 Nf4 27. Rfd1 Ke7
28. b4 Rhh8 29. Rd2 Rbc8 30. b5 Nxg2 31. Kxg2 Bxh3+ 32. Kf3 Rh4 33. Rg1 Bg4+
34. Kg2 Rch8 35. a4 Ke6 36. a5 Rh2+ 37. Kf1 f5 38. exf5+ Bxf5 39. Rg2 Bh3 0-1

[Event "C.to Regionale Valle d'Aosta"]
[Site "Saint Vincent - Chatillon ITA"]
[Date "2003.09.18"]
[Round "2"]
[White "Mrdja, Milan"]
[Black "Yeuillaz, Corrado"]
[Result "1-0"]
[WhiteElo "2384"]
[BlackElo "2192"]
[PlyCount "91"]
[EventDate "2003.09.17"]

1. e4 d5 2. Nc3 dxe4 3. Nxe4 Nf6 4. Nxf6+ exf6 5. Bc4 Bd6 6. d4 O-O 7. Be3 f5
8. Ne2 Nd7 9. Qd2 Nb6 10. Bb3 c6 11. c4 Nd7 12. O-O-O Nf6 13. f3 Re8 14. Nc3
Bd7 15. Kb1 Bb4 16. a3 Ba5 17. Bg5 b5 18. cxb5 cxb5 19. Qd3 Bxc3 20. Qxc3 Rc8
21. Qd2 a5 22. Rhe1 a4 23. Ba2 Qb6 24. Ka1 Rxe1 25. Rxe1 Re8 26. Re5 h6 27. Be3
Qd8 28. Bb1 Nh7 29. Qd3 Nf8 30. Bd2 Rxe5 31. dxe5 Qe8 32. f4 Be6 33. Be3 Qc6
34. Qc2 Qb7 35. Qd2 g6 36. Qd8 Qc8 37. Qxc8 Bxc8 38. Bd3 Bd7 39. Kb1 Ne6 40.
Kc2 Nc7 41. Kc3 Bc6 42. g3 f6 43. exf6 Kf7 44. Kd4 Kxf6 45. Kc3 Be8 46. Bd4+
1-0

[Event "C.to Regionale Valle d'Aosta"]
[Site "Saint Vincent - Chatillon ITA"]
[Date "2003.09.18"]
[Round "2"]
[White "Scotti, Umberto"]
[Black "Dragojlovic, Andjelko"]
[Result "0-1"]
[WhiteElo "2135"]
[BlackElo "2312"]
[PlyCount "62"]
[EventDate "2003.09.17"]

1. d4 Nf6 2. Nf3 g6 3. Bf4 Bg7 4. e3 d6 5. h3 O-O 6. Be2 Nbd7 7. O-O Qe8 8. c4
e5 9. Bh2 Ne4 10. Nbd2 Nxd2 11. Qxd2 e4 12. Ne1 f5 13. Nc2 g5 14. b4 Bh6 15. f4
exf3 16. Bxf3 Nf6 17. Qd3 g4 18. hxg4 fxg4 19. Bd5+ Kh8 20. Bf4 Bg7 21. g3 Nxd5
22. cxd5 Bf5 23. Qc4 Be4 24. Rf2 Rf5 25. Rh2 Rh5 26. Ne1 Bxd5 27. Qxc7 Rxh2 28.
Kxh2 Rc8 29. Qxd6 Qh5+ 30. Kg1 Qh1+ 31. Kf2 Qh2+ 0-1

[Event "C.to Regionale Valle d'Aosta"]
[Site "Saint Vincent - Chatillon ITA"]
[Date "2003.09.18"]
[Round "3"]
[White "Yeuillaz, Corrado"]
[Black "Malano, Francesco"]
[Result "1-0"]
[WhiteElo "2192"]
[BlackElo "2075"]
[PlyCount "87"]
[EventDate "2003.09.17"]

1. e4 c5 2. Nf3 g6 3. g3 Bg7 4. Bg2 Nc6 5. O-O d6 6. c3 e5 7. d3 Nge7 8. Ne1
O-O 9. Na3 Be6 10. Nac2 d5 11. Qe2 Qd7 12. f4 f5 13. fxe5 fxe4 14. dxe4 Rxf1+
15. Bxf1 Bg4 16. Qb5 Nxe5 17. Qxd7 Bxd7 18. Bg5 N5c6 19. exd5 Nxd5 20. Nd3 h6
21. Nxc5 Bf5 22. Bc4 hxg5 23. Bxd5+ Kh7 24. Ne3 Nd8 25. Nxf5 gxf5 26. Re1 Rc8
27. Nxb7 Nxb7 28. Bxb7 Rc7 29. Bd5 Rd7 30. Be6 Rd2 31. Bxf5+ Kg8 32. Re8+ Kf7
33. Rb8 a5 34. Bg4 a4 35. a3 Bf8 36. Bh5+ Kg7 37. Rb7+ Kh6 38. Be8 Bc5+ 39. Kf1
Rf2+ 40. Ke1 Rxh2 41. Bxa4 Bf2+ 42. Kd1 Bxg3 43. Bc2 Bf4 44. Rh7# 1-0